000 00961cam a22002411 4500
001 agr41000052
003 DLC
005 20260227110959.0
008 800319s1940 nyu 000 0 eng
010 _aagr41000052
035 _a(OCoLC)6106941
040 _aDLC
_cTxCM
_dDLC
042 _apremarc
050 0 0 _aSD555
_b.S25
100 1 _aSammi, John Cogswell.
245 1 0 _aVolume by moment;
_bpresenting a new method for obtaining the volume of trees, primarily applicable to volume table construction, and also a new method for obtaining the equation of a tree profile.
_cBy John C. Sammi.
260 _aSyracuse, N.Y.,
_c1940.
300 _a18 p.
490 1 _aNew York State College of Forestry at Syracuse University. Technical publication
_vno. 52
490 0 _aBulletin, v. 13, no. 3-b
650 0 _aForests and forestry
_xMeasurement.
810 2 _aState University College of Forestry at Syracuse University.
_tTechnical publication ;
_vno. 52.
999 _c10073
_d10073